| 000 | 01360nam a2200277 i 4500 | ||
|---|---|---|---|
| 001 | 160181 | ||
| 003 | ES-MaACL | ||
| 005 | 20250813044446.0 | ||
| 008 | 931025s1790 sp ax |||| | spa d | ||
| 040 |
_aCYL _bspa _cPAB |
||
| 100 | 1 |
_aMoreno, José. _9130191 |
|
| 245 | 1 | 0 |
_aViage á Constantinopla, en el año de 1784 ... / _c[Joseph Moreno]. |
| 260 |
_aMadrid : _ben la Imprenta Real ... siendo su regente D. Lazaro Gayguer, _c1790. |
||
| 300 |
_a[16], 360, XXXIII p., [24] h. de grab., [1] h. de map. : _bil. ; _cFol. |
||
| 510 | 4 | _aPalau, 181861 | |
| 594 | _aAutor tomado de la dedicatoria. | ||
| 596 | _aEl nombre del impresor tomado de colofón. | ||
| 597 | _aSign. : []\p2\s, a-c\p2\s, A-Z\p2\s, 2A-2Z\p2\s, 3A-3Z\p2\s, 4A-4X\p2\s, A-G\p2\s, H\p3\s. | ||
| 597 | _aPort. con grab. xil. : "J. Maca inv. y dib., J. Vazquez grab. 1790" | ||
| 599 | _aLas h. de grab. e ilustraciones xil. : "A. Aguado dib.", "F. Baus'a constr., dib., J. de la Cruz grab. 1790", "A. Fernandez dib., J. Vazquez grab. 1788", "S. Brieva sc., grab.", "J. Velazquez dib., grab.", "J. Barcelon grab. 1787", "J. Enguidanos dib." | ||
| 700 | 1 |
_aGayguer, Lázaro _eimp. _9127269 |
|
| 710 | 2 |
_aImprenta Real (Madrid) _eimp. _9134468 |
|
| 752 |
_aEspaña - _dMadrid |
||
| 852 |
_aES-MaACL _jR-2644 _z-- Enc. pasta _xOlim: G-1666 |
||
| 999 |
_c160181 _d160181 |
||